000 00702nas a2200229 4500
001 BR9901599
003 BR-BrBNA
005 20231205101328.0
007 ta
008 230509b bl.|||p| |||| 00| 00por d
040 _aBR-BrBNA
_bpor
_cBiblioteca Nacional de Agricultura
041 _a(Pt)
072 _aP05
100 1 _aSant'Anna, A.M.
100 1 _aSimone, G.A.
245 1 _aAlimentadores monofasicos em redes aereas na classe de 15 Kv, para grandes distancias
650 _aEnergia Eletrica
650 _aIluminacao
773 0 _tEnergia na Agricultura (Brazil)
_xISSN 0102-9169
_g(1998), v. 13(1) p. 37-47
_wBR9901599
909 _a202311
_bLúcia
_c55
_dLúcia Elande
942 _2AGRIS
_n0
_cANA
999 _c161158
_d161158